000 00483nam a2200157Ia 4500
008 160316s1968 xxu||||| |||| 00| 0 eng d
082 _a341.000000
_bEXP
100 _a
245 _aExplanatory report on the European convention on information of foreign law
250 _a
260 _aStrasbourg
_bCouncil of Europe
_c1968
300 _a23p
_b
_c
365 _b
650 _a1.Foreign Law - Application - Information - Conventions - Europe - Explanatory Report
700 _a
_a
999 _c17263
_d17263